| 000 | 00659nam a2200205 a 4500 | ||
|---|---|---|---|
| 001 | 5874 | ||
| 003 | CDMR | ||
| 005 | 20131211131237.0 | ||
| 008 | 130220s2007||||||||||||||||||||||||||||d | ||
| 020 | _a9788474269550 | ||
| 040 |
_aCDMR _bcat _cCDMR |
||
| 100 | 1 |
_aMoreno Sardà, Amparo _91644 |
|
| 245 | 1 | 0 |
_a¿ De quién hablan las noticias ? _b: guía para humanizar la información _cAmparo Moreno, Florencia Rovetto, Alfonso Buitrago |
| 260 |
_aBarcelona _bIcaria _c2007 |
||
| 300 |
_a180 p ; _c15 cm |
||
| 490 | 0 |
_aSociedad y opinión _v86 |
|
| 650 | 0 | 4 |
_92799 _aPeriodisme _xAspectes socials |
| 650 | 0 | 4 |
_94374 _aPeriodisme _xManuals, guies, etc |
| 942 |
_cMON _2udc |
||
| 999 |
_c5874 _d5874 |
||